| 000 | 00588nam a2200241 a 4500 | ||
|---|---|---|---|
| 001 | nice12345678 | ||
| 003 | IN_TiNIC | ||
| 005 | 20260116011916.0 | ||
| 008 | 050524s1964 bana grp 000 0 eng | ||
| 020 |
_a _c3.8 |
||
| 082 | 0 | 0 |
_a232.955 _bHAR |
| 100 | _aHargreaves, Cecil | ||
| 245 | _aMiracles of Jesus | ||
| 260 |
_aBangalore _bChristian Literature Society _c1964 |
||
| 300 | _a236p | ||
| 500 | _aincludes index and biblioraphy | ||
| 505 | 2 | _aIndex | |
| 650 | _aJesus Christ-Miracles | ||
| 700 | 1 | _aHargreaves, Cecil | |
| 902 | _bSRS | ||
| 942 | _cBK | ||
| 999 |
_c4875 _d4875 |
||